Tales of Troy : (Record no. 231314)
[ view plain ]
| 000 -LEADER | |
|---|---|
| fixed length control field | 01312cam a22002533a 4500 |
| 001 - CONTROL NUMBER | |
| control field | 1973 |
| 003 - CONTROL NUMBER IDENTIFIER | |
| control field | PGUSA |
| 005 - DATE AND TIME OF LATEST TRANSACTION | |
| control field | 20140828083008.0 |
| 008 - FIXED-LENGTH DATA ELEMENTS--GENERAL INFORMATION | |
| fixed length control field | 991101s1999||||xxu|||||s|||||000 | eng d |
| 040 ## - CATALOGING SOURCE | |
| Original cataloging agency | PGUSA |
| Language of cataloging | eng |
| 042 ## - AUTHENTICATION CODE | |
| Authentication code | dc |
| 050 #4 - LIBRARY OF CONGRESS CALL NUMBER | |
| Classification number | PZ |
| 100 1# - MAIN ENTRY--PERSONAL NAME | |
| Personal name | Lang, Andrew, |
| Dates associated with a name | 1844-1912 |
| 245 10 - TITLE STATEMENT | |
| Title | Tales of Troy : |
| Remainder of title | Ulysses, the Sacker of Cities |
| Medium | [electronic resource] / |
| Statement of responsibility, etc | Andrew Lang |
| 260 ## - PUBLICATION, DISTRIBUTION, ETC. (IMPRINT) | |
| Name of publisher, distributor, etc | Project Gutenberg, |
| Date of publication, distribution, etc | 1999 |
| 505 0# - FORMATTED CONTENTS NOTE | |
| Formatted contents note | The boyhood and parents of Ulysses -- How people lived in the time of Ulysses -- The wooing of Helen of the fair hands -- The stealing of Helen -- Trojan victories -- Battle at the ships -- The slaying and avenging of Patroclus -- The cruelty of Achilles, and the ransoming of Hector -- How Ulysses stole the luck of Troy -- The battles with the Amazons and Memnon; the death of Achilles -- Ulysses sails to seek the son of Achilles; the valour of Eurypylus -- The slaying of Paris -- How Ulysses invented the device of the horse of tree -- The end of Troy and the saving of Helen. |
| 506 ## - RESTRICTIONS ON ACCESS NOTE | |
| Terms governing access | Public domain in the USA. |
| 516 ## - TYPE OF COMPUTER FILE OR DATA NOTE | |
| Type of computer file or data note | Electronic text |
| 653 ## - INDEX TERM--UNCONTROLLED | |
| Uncontrolled term | Trojan War -- Juvenile literature |
| 653 ## - INDEX TERM--UNCONTROLLED | |
| Uncontrolled term | Mythology, Greek -- Juvenile literature |
| 830 #0 - SERIES ADDED ENTRY--UNIFORM TITLE | |
| Uniform title | Project Gutenberg |
| Volume number/sequential designation | 1973 |
| 856 40 - ELECTRONIC LOCATION AND ACCESS | |
| Uniform Resource Identifier | <a href="http://www.gutenberg.org/ebooks/1973">http://www.gutenberg.org/ebooks/1973</a> |
| 942 ## - ADDED ENTRY ELEMENTS (KOHA) | |
| Koha item type | eBooks |
| Withdrawn status | Lost status | Damaged status | Home library | Current library | Date acquired | Total Checkouts | Date last seen | Price effective from | Koha item type |
|---|---|---|---|---|---|---|---|---|---|
| Project Gutenberg | Project Gutenberg | 08/28/2014 | 08/28/2014 | 08/28/2014 | eBooks |